[Event "SLO-ch U10"]
[Site "Murska Sobota"]
[Date "2007.03.02"]
[Round "9"]
[White "Zagorsek, David"]
[Black "Udovc, Tomaz"]
[Result "1-0"]
[WhiteElo "1500"]
[BlackElo "1500"]
[PlyCount "83"]
[EventDate "2007.02.25"]
[EventType "swiss"]
[EventRounds "9"]
[EventCountry "SLO"]
[SourceTitle "CBM 117 Extra"]
[Source "ChessBase"]
[SourceDate "2007.05.09"]
[SourceVersion "1"]
[SourceVersionDate "2007.05.09"]
[SourceQuality "1"]

1. e4 e5 2. Nf3 Nc6 3. Bc4 Nf6 4. Ng5 Rg8 5. Bxf7+ Ke7 6. Bxg8 Nxg8 7. Nxh7 d6 8. d3 Ke8 9. Qf3 Be7 10. Nc3 Nd4 11. Qh5+ Kd7 12. 0-0 Nxc2 13. Rb1 Kc6 14. b4 a6 15. Qd1 Nd4 16. Qa4+ b5 17. Qa5 Kb7 18. a4 Bd7 19. h3 Qe8 20. Ng5 Bd8 21. axb5 axb5 22. Qxa8+ Kxa8 23. Ra1+ Kb8 24. Be3 Nc2 25. Ra2 Nxe3 26. fxe3 Bxg5 27. Rfa1 Bxe3+ 28. Kh2 Bc6 29. Nxb5 Qf7 30. Nc3 Qh5 31. b5 Bb7 32. Nd5 Bd4 33. Rf1 Kc8 34. Rf8+ Kd7 35. Rxg8 Bc5 36. Rxg7+ Ke8 37. Nf6+ Kf8 38. Nxh5 d5 39. Rxc7 Be7 40. Rxb7 Ke8 41. exd5 Bd8 42. d6 1-0

[Event "SLO-ch U10"]
[Site "Murska Sobota"]
[Date "2007.02.27"]
[Round "5"]
[White "Udovc, Tomaz"]
[Black "Zaloznik S, Domen"]
[Result "1-0"]
[WhiteElo "1500"]
[BlackElo "1500"]
[PlyCount "45"]
[EventDate "2007.02.25"]
[EventType "swiss"]
[EventRounds "9"]
[EventCountry "SLO"]
[SourceTitle "CBM 117 Extra"]
[Source "ChessBase"]
[SourceDate "2007.05.09"]
[SourceVersion "1"]
[SourceVersionDate "2007.05.09"]
[SourceQuality "1"]

1. e4 e5 2. Nf3 Nc6 3. Bc4 Nf6 4. Nc3 Bc5 5. 0-0 d6 6. h3 Bd7 7. Ng5 d5 8. Nxd5 Be6 9. Nxe6 fxe6 10. Nc3 Qd7 11. d3 0-0 12. Bg5 Nd4 13. Bxf6 Rxf6 14. b3 a6 15. Na4 Bd6 16. c3 Nc6 17. b4 b5 18. d4 bxc4 19. dxe5 Bxe5 20. Qxd7 Nb8 21. Qe8+ Rf8 22. Qxe6+ Kh8 23. Qxe5 1-0